• 首页
  • 本馆介绍
  • 公告通知
  • 最新文献
  • 馆藏检索
  • 电子资源
  • 读者导购
  • 参考咨询
  • 我的图书馆
  • 登录
  • 详细信息显示
  • 放入我的书架
  • 预约/预借图书
  • 作者相关作品
  • 分类相关作品
  • 丛书相关作品
  • 出版社相关作品

书目信息

  • 表格格式
  • 工作单格式
  • 卡片格式
题名:
陈年老窖
    
 
作者: 尤林 著 ;何国强 , 魏乐平 译
分册:  
出版信息: 昆明   云南大学出版社  2012.12
页数: 300页, 8页图版
开本: 23cm
丛书名:
单 册:
中图分类: F456.568 , F4
科图分类:
主题词: 葡萄酒--pu tao jiu--酿酒工业--研究--法国
电子资源:
ISBN: 978-7-5482-1383-3
000 01342nam0 2200301 450
001 2352590772
005 20231127143651.10
010    @a978-7-5482-1383-3@dCNY43.00
100    @a20130906d2012 em y0chiy50 ea
101 1  @achi@ceng
102    @aCN@b530000
105    @aaf a 000yy
200 1  @a陈年老窖@Achen nian lao jiao@e法国西南葡萄酒业合作社的民族志@d= Vintages and traditions@ean ethnohistory of southwest french wine cooperatives@f(美) 罗伯特·C. 尤林著@g何国强, 魏乐平译@zeng
210    @a昆明@c云南大学出版社@d2012.12
215    @a300页, 8页图版@c图@d23cm
306    @a据史密森研究院出版社1996年版本译出
320    @a有书目 (第266-280页)
330    @a本书展示了葡萄酒业场景中的行动者、组织和制度, 烘托出各阶层种植者关心的话题, 架构出葡萄酒这一商品文化丛在地区、国家和全球三个层面的建设过程。
500 10 @aVintages and traditions : an ethnohistory of southwest french wine cooperatives@mChinese
517 1  @a法国西南葡萄酒业合作社的民族志@Afa guo xi nan pu tao jiu ye he zuo she de min zu zhi
606 0  @a葡萄酒@Apu tao jiu@x酿酒工业@x研究@y法国
690    @aF456.568@v5
690    @aF4@v4
701  1 @a尤林@Ayou lin@g(Ulin, Robert C.),@f1951-@4著
702  0 @a何国强@Ahe guo qiang@c(文化人类学)@4译
702  0 @a魏乐平@Awei le ping@c(人类学)@4译
801  0 @aCN@b人天书店@c20130906
905    @aBZT@dF4@e40
    
    陈年老窖:法国西南葡萄酒业合作社的民族志= Vintages and traditions:an ethnohistory of southwest french wine cooperatives/(美) 罗伯特·C. 尤林著/何国强, 魏乐平译.-昆明:云南大学出版社,2012.12
    300页, 8页图版:图;23cm
    
    
    ISBN 978-7-5482-1383-3:CNY43.00
    本书展示了葡萄酒业场景中的行动者、组织和制度, 烘托出各阶层种植者关心的话题, 架构出葡萄酒这一商品文化丛在地区、国家和全球三个层面的建设过程。
●
相关链接 在五车中查询图书 在当当中查询图书 在豆瓣中查询图书


正题名:陈年老窖     索取号:F4/40         预约/预借

序号 登录号 条形码 馆藏地/架位号 状态 备注
1 2001132042   2001132042   东辅楼二楼书库/ [索取号:F4/40] 在馆    
2 2001132043   2001132043   东辅楼二楼书库/ [索取号:F4/40] 在馆    
3 2001132044   2001132044   东辅楼二楼书库/ [索取号:F4/40] 在馆    
4 2001132045   2001132045   东辅楼二楼书库/ [索取号:F4/40] 在馆    
5 2001132046   2001132046   东辅楼二楼书库/ [索取号:F4/40] 在馆    
6 2001132047   2001132047   东辅楼二楼书库/ [索取号:F4/40] 在馆    
7 2001132048   2001132048   东辅楼二楼书库/ [索取号:F4/40] 在馆    
8 2001132049   2001132049   东辅楼二楼书库/ [索取号:F4/40] 在馆    
9 2001132050   2001132050   东辅楼二楼书库/ [索取号:F4/40] 在馆    
10 2001132051   2001132051   东辅楼二楼书库/ [索取号:F4/40] 在馆    
11 2001132052   2001132052   东辅楼二楼书库/ [索取号:F4/40] 在馆    
12 2001132053   2001132053   东辅楼二楼书库/ [索取号:F4/40] 在馆    
13 2001132054   2001132054   东辅楼二楼书库/ [索取号:F4/40] 在馆    
14 2001132055   2001132055   东辅楼二楼书库/ [索取号:F4/40] 在馆    
15 2001132056   2001132056   东辅楼二楼书库/ [索取号:F4/40] 在馆    
16 2001132057   2001132057   东辅楼二楼书库/ [索取号:F4/40] 在馆    
17 2001132058   2001132058   东辅楼二楼书库/ [索取号:F4/40] 在馆    
18 2001132059   2001132059   东辅楼二楼书库/ [索取号:F4/40] 在馆    
19 2001132060   2001132060   东辅楼二楼书库/ [索取号:F4/40] 在馆    
20 2001132061   2001132061   东辅楼二楼书库/ [索取号:F4/40] 在馆    
21 2001132062   2001132062   东辅楼二楼书库/ [索取号:F4/40] 在馆    
22 2001132063   2001132063   东辅楼二楼书库/ [索取号:F4/40] 在馆    
23 2001132064   2001132064   东辅楼二楼书库/ [索取号:F4/40] 在馆    
24 2001132065   2001132065   东辅楼二楼书库/ [索取号:F4/40] 在馆    
25 2001132066   2001132066   东辅楼二楼书库/ [索取号:F4/40] 在馆    
26 2001132067   2001132067   东辅楼二楼书库/ [索取号:F4/40] 在馆    
27 2001132068   2001132068   东辅楼二楼书库/ [索取号:F4/40] 在馆    
28 2001132069   2001132069   东辅楼二楼书库/ [索取号:F4/40] 在馆    
29 2001132070   2001132070   东辅楼二楼书库/ [索取号:F4/40] 在馆    
30 2001132071   2001132071   东辅楼二楼书库/ [索取号:F4/40] 在馆    
山东省滨州职业学院图书馆 欢迎您!
大连网信软件有限公司© 版权所有